000 00851nam a22002777a 4500
001 0074
003 DO-SdBNP
005 20180119092839.0
007 0074
008 151015b sp 1971 xxu a 00| 0 spa d
040 _aBPMSU
_bspa
_cBPMSU
092 _axxxxxxx
_bxxxxxxx
100 1 4 _aBlyton, Enid
_d1897-1968
240 1 _aFive run away together /
_leng.
245 1 4 _aLos cinco se escapan /
_cEnid Blyton ; traducción Juan Rios de la Rosa ; ilustración José Correas
250 _a5a. ed.
260 _aBarcelona, España :
_bJuventud,
_c1971.
300 _a160 p. :
_bil.,
_c20 cm.
490 0 _aLos cinco
_v24
700 1 0 _aRios de la Rosa, Juan
_etr.
700 1 0 _aCorreas, José,
_eil.
830 0 _aLos cinco
_n24
942 _2ddc
_cBK
945 _aInventariado, 2018 / YL
956 _aYngrid Lockward
_2YLOCKWARD
_310
_8BPMSU
_c20161019
999 _c8384
_d8384